000 00486ntaaa2200193 4500
003 01
005 20251027202741.0
008 0714s1973 ag 01
040 _aAR-BaBN
_bspa
_cAR-BaBN
_eaacr
_dRIC
082 _a746.5000 So1c
100 _aSocher, M von
_927539
245 _aCollares y adornos de fantasía
250 _a1 ed.
260 _aBuenos Aires :
_bEditorial Kapelusz,
_cc1970
300 _a84 p
650 _atrabajos manuales
_917557
650 _aabalorio
942 _cBK
999 _c22755
_d22755